| 000 | 00674cab a2200253 4500 | ||
|---|---|---|---|
| 001 | WB2826-03 | ||
| 008 | 090401t1992 xxu||||| |||| 00| 0 eng d | ||
| 035 | _a(Sirsi) u49309 | ||
| 041 | _aeng | ||
| 245 | _aRubble of market collapse | ||
| 260 | _c1992 | ||
| 350 | _a0 | ||
| 490 |
_aSunday Times _v28 June 1992, 35(2) |
||
| 520 | _aExamines the effects of recession on the construction industry, and questions the extent of recovery. | ||
| 650 | _aCONSTRUCTION INDUSTRY | ||
| 650 | _aCOSTAIN | ||
| 650 | _aRECESSION | ||
| 650 | _aTARMAC | ||
| 650 | _aTAYLOR WOODROW | ||
| 650 | _aWIMPEY | ||
| 690 | _aBUILT ENVIRONMENT | ||
| 942 | _n0 | ||
| 948 | _c04/03/1997 | ||
| 999 |
_c30851 _d30851 |
||